30 największych miast na terenie byłych Austro-Węgier - Statystyki

Ogólne statystyki
  • Ten quiz został rozwiązany 294 razy
  • Średni wynik to 21 z 30
Odpowiedzi na mapie
Odpowiedzi zakodowano w zielono-czerwonej skali na mapie do tego quizu, zgodnie z poniższymi procentami.
 
Statystyki odpowiedzi
Kraj Miasto % Poprawnych
Czechy Praga 1,4 mln
98%
Austria Wiedeń 2 mln
98%
Węgry Budapeszt 1,7 mln
97%
Polska Kraków 800k
97%
Słowacja Bratysława 480k
96%
Ukraina Lwów 700k
95%
Polska Rzeszów 200k
94%
Chorwacja Zagrzeb 660k
94%
Bośnia Sarajewo 350k
93%
Słowenia Lublana 290k
90%
Czechy Brno 400k
84%
Czechy Ostrawa 280k
84%
Słowacja Koszyce 220k
80%
Austria Salzburg 160k
79%
Chorwacja Split 150k
79%
Austria Graz 300k
75%
Polska Bielsko-Biała 165k
70%
Austria Linz 210k
70%
Włochy Trieste 200k
67%
Czechy Pilzno 180k
65%
Serbia Nowy Sad 260k
64%
Węgry Debreczyn 200k
57%
Rumunia Kluż-Napoka 290k
57%
Rumunia Timisoara 250k
42%
Ukraina Tarnopol 220k
35%
Ukraina Iwano-Frankiwsk 240k
31%
Rumunia Braszów 240k
29%
Rumunia Oradea 180k
29%
Węgry Segedyn 160k
27%
Ukraina Czerniowce 260k
23%
Nie znaleziono quizów pasujących do podanych kryteriów
Rozkład punktacji
Procent ludzi z każdym wynikiem
Percentyl według liczby udzielonych odpowiedzi
Twoja historia wyników
Nie rozwiązałeś tego quizu